Music Quiz

Random Music or Song Quiz
Score 0/163 Timer 10:00
12 Plays Today
Lyric % Correct
I
95.5%
I
95.5%
I
95.5%
I
95.5%
I
95.5%
I
95.5%
a
92%
the
87.6%
the
87.6%
you
87%
you
87%
you
87%
me
81%
me
81%
me
81%
me
81%
me
81%
me
81%
me
81%
me
81%
love
77.1%
love
77.1%
to
73.9%
to
73.9%
to
73.9%
to
73.9%
and
73.7%
and
73.7%
and
73.7%
and
73.7%
is
66.2%
it
65.8%
go
63.7%
so
63.3%
for
58.9%
of
57.8%
of
57.8%
my
56.8%
my
56.8%
not
52.7%
time
50.4%
time
50.4%
with
50%
if
48.6%
I'm
47.7%
I'm
47.7%
I'm
47.7%
I'm
47.7%
I'm
47.7%
Some
47.6%
too
47.5%
Too
47.3%
Too
47.3%
Too
47.3%
down
43.7%
Lyric % Correct
down
43.7%
down
43.7%
down,
43.7%
by
43.5%
has
43.4%
It's
43.3%
It's
43.3%
but
42.2%
won't
41.9%
won't
41.9%
won't
41.9%
try
41.6%
try
41.6%
try
41.6%
try
41.6%
try
41.6%
know
41.6%
at
41.5%
I'll
40.9%
I'll
40.9%
I'll
40.9%
I'll
40.9%
think
40.9%
think
40.9%
think
40.9%
defying
39.6%
defying
39.6%
defying
39.6%
defying
39.6%
defying
39.6%
defying
39.6%
defying
39.6%
defying
39.6%
defying
39.6%
gravity
39.6%
gravity
39.6%
gravity
39.6%
gravity
39.6%
gravity
39.6%
gravity
39.6%
gravity
39.6%
gravity
39.6%
gravity
39.6%
bring
38.8%
bring
38.8%
bring
38.8%
bring
38.8%
never
38.4%
'cause
37.5%
back
36.5%
change
36.4%
Kiss
36.2%
Kiss
36.2%
Kiss
36.2%
same
36.2%
Lyric % Correct
been
36.2%
through
36%
through
36%
someone
35.9%
someone
35.9%
Something
35.9%
Something
35.8%
much
35.3%
late
35.3%
late
35.3%
game
34.7%
eyes
33.8%
changed
33.7%
I've
33.7%
I've
33.7%
within
33.5%
rules
33.4%
playing
33.3%
else's
33%
sleep
32.8%
guess
32.7%
close
32.5%
second
32.2%
long
32.2%
goodbye
32%
goodbye
32%
goodbye
32%
high
30.7%
they're
30.6%
trust
30.3%
guessing
30.1%
ooooooh
29.9%
instincts,
29%
says
28.9%
cannot
28.9%
lost
28.9%
leap
28.6%
things
28.5%
Well
28.4%
limits
27.7%
cost
27.7%
'til
27.6%
that's
27.6%
afraid
27.5%
comes
27%
losing
26.7%
accepting
26.2%
I'd
23.8%
I'd
23.8%
sooner
21.1%
sooner
21.1%
buy
20.3%
buy
20.3%
Remove Ads.
Support Sporcle.
Get the best of Sporcle when you Go Orange. This ad-free experience offers more features, more stats, and more fun while also helping to support Sporcle. Thank you for becoming a member.

You're not logged in!

Compare scores with friends on all Sporcle quizzes.
OR
Log In

Sporcle TV

Today on Sporcle TV


Watch our educational content, quiz creation guides, and fun videos on Sporcle TV.

Show Comments

Extras

Top Quizzes Today


Score Distribution

Paid Content

Your Account Isn't Verified!

In order to create a playlist on Sporcle, you need to verify the email address you used during registration. Go to your Sporcle Settings to finish the process.

Report this User

Report this user for behavior that violates our Community Guidelines.

Details: